MANUAL PHYSICAL THERAPY OF THE SPINE (Record no. 23437)

MARC details
000 -LEADER
fixed length control field 00415nam a22001697a 4500
003 - CONTROL NUMBER IDENTIFIER
control field SGT
020 ## - INTERNATIONAL STANDARD BOOK NUMBER
International Standard Book Number 9780323673396
082 ## - DEWEY DECIMAL CLASSIFICATION NUMBER
Classification number 615.82
Item number M22O
100 ## - MAIN ENTRY--PERSONAL NAME
Personal name OLSON, KENNETH A.
245 ## - TITLE STATEMENT
Title MANUAL PHYSICAL THERAPY OF THE SPINE
250 ## - EDITION STATEMENT
Edition statement 3RD
260 ## - PUBLICATION, DISTRIBUTION, ETC. (IMPRINT)
Place of publication, distribution, etc MISSOURI
Name of publisher, distributor, etc ELSEVIER PUB.
Year of Publication 2022
300 ## - PAGE DESCRIPTION
No. of Pages 475
650 ## - SUBJECT ADDED ENTRY--TOPICAL TERM
Topical term or geographic name as entry element PHYSIOTHEARAPY
653 ## - KEYWORDS--INDEX TERM
Keyword term MANUAL PHYSICAL THERAPY OF THE SPINE
942 ## - ADDED ENTRY ELEMENTS (KOHA)
Source of classification or shelving scheme Dewey Decimal Classification
Koha item type Books
Holdings
Withdrawn status Lost status Source of classification or shelving scheme Damaged status Not for loan Collection code Home library Current library Shelving location Date acquired Vendor Name Cost, normal purchase price SGTU Bill Number Total Checkouts Full call number Accession No. (Barcode) Date last seen Bill Date Koha item type
    Dewey Decimal Classification   Not For Loan MEDICAL SGT Medical Library SGT Medical Library Reference Book 12/11/2022 ABC DELHI 8199.00 SGTU 15045   615.82 M22O FM13354 12/11/2022 12/09/2022 Books
    Dewey Decimal Classification   Not For Loan MEDICAL SGT Medical Library SGT Medical Library Reference Book 12/11/2022 ABC DELHI 8199.00 SGTU 15045   615.82 M22O FM13355 12/11/2022 12/09/2022 Books